Pitkät olympiaurat - Statistics

Yleistilastot
  • Tätä visaa on pelattu 19 kertaa
  • Keskiarvotulos 4 / 8
Vastaustilastot
Vuodet Vastaus % Oikein
1994-2018 Janne Ahonen
78%
1992-2014 Teemu Selänne
67%
1994-2018 Hannu Manninen
56%
1988-2008 Juha Hirvi
56%
1980-2008 Kyra Kyrklund
50%
1928-1952 Heikki Savolainen
39%
1912-1932 Ville Kyrönen
11%
1928-1948 Valle Rasko
0%
Ehtoja vastaavia visoja ei löytynyt
Tulosjakauma
Jokaisen tuloksen saaneiden osuus
Persentiili vastausten määrän mukaan
Tuloshistoriasi
Et ole pelannut tätä visaa